Boom time for the South East (Record no. 79610)
[ view plain ]
| 000 -LEADER | |
|---|---|
| fixed length control field | 00954cab a22001935a 4500 |
| 001 - CONTROL NUMBER | |
| control field | L141834 |
| 008 - FIXED-LENGTH DATA ELEMENTS--GENERAL INFORMATION | |
| fixed length control field | 080102e20071212xxk f 000 0 eng d |
| 035 ## - SYSTEM CONTROL NUMBER | |
| System control number | (Sirsi) u141834 |
| 041 0# - LANGUAGE CODE | |
| Language code of text/sound track or separate title | eng |
| 100 1# - MAIN ENTRY--PERSONAL NAME | |
| Personal name | Watson, Kathy |
| 245 00 - TITLE STATEMENT | |
| Title | Boom time for the South East |
| 260 ## - PUBLICATION, DISTRIBUTION, ETC. | |
| Date of publication, distribution, etc. | 2007 |
| 490 #0 - SERIES STATEMENT | |
| Series statement | Contract Journal |
| Volume/sequential designation | 440(6655) 12 December 2007, 15-17(3) |
| 520 ## - SUMMARY, ETC. | |
| Summary, etc. | Highlights the opportunities and challenges facing contractors in southeast England and provides an overview of the region's construction market. Reports that construction output in southeast England is expected to increase by 3.2% a year on average between 2007 and 2011, exceeding the UK average of 2.6%. The strongest sectors will be public and private housing. Construction employment in the region should reach 382 000 in 2011, a 12.1% rise on 2007 levels. |
| 590 ## - LOCAL NOTE (RLIN) | |
| Local note | KA |
| 651 #4 - SUBJECT ADDED ENTRY--GEOGRAPHIC NAME | |
| Geographic name | South East (England) |
| 690 ## - LOCAL SUBJECT ADDED ENTRY--TOPICAL TERM (OCLC, RLIN) | |
| Topical term or geographic name as entry element | BUILT ENVIRONMENT-CONSTRUCTION MARKET |
| 942 ## - ADDED ENTRY ELEMENTS (KOHA) | |
| Suppress in OPAC | 0 |
| Withdrawn status | Lost status | Source of classification or shelving scheme | Damaged status | Not for loan | Home library | Current library | Shelving location | Date acquired | Total Checkouts | Full call number | Barcode | Date last seen | Copy number | Price effective from | Koha item type |
|---|---|---|---|---|---|---|---|---|---|---|---|---|---|---|---|
| Dewey Decimal Classification | London | London | Journal article | 02/01/2008 | L141834 | 141834-1001 | 06/08/2019 | 1 | 06/08/2019 | Journal article |